Language Quiz

Random Language or Letter Quiz
Score 0/30 Timer 10:00
0 Plays Today
Contains... Word(s) % Correct
-yloph-xylophage(s), xylophagous, xylophone(s), xylophonist(s)
70.1%
-wkw-awkward(er/est/ly/ness/nesses), hawkweed(s)
68.7%
-cuu-ultravacuum(s), vacuum(s/ed/ing)
62.4%
-nusu-unusual(ly/ness/nesses)
61.2%
-thmu-isthmus(es)
45.4%
-mmog-mammogram(s), mammographic, mammographies, mammography
45.1%
-andk-grandkid(s), handkerchief(s), handkerchieves
41.8%
-undh-gesundheit, groundhog(s), roundheaded(ness/nesses), roundheel(s), roundhouse(s)
39.3%
-irpl-airplane(s), airplay(s), hirple(d/s), hirpling
39.1%
-ebte-indebted(ness/nesses)
35%
-epfa-stepfamily, stepfamilies, stepfather(s)
34.3%
-eown-homeowner(s), preowned
31.9%
-ezv-rendezvous(ed/es/ing)
31.4%
-psc-hopscotch(ed/ing/es), pschent(s), rapscallion(s), upscale(d/s), upscaling
31.2%
-ueuei-queueing
30.3%
Contains... Word(s) % Correct
-psq-pipsqueak(s)
29.1%
-okke-bookkeeper(s), bookkeeping(s), grokked
28.9%
-nicy-unicycle(d/s), unicycling, unicyclist(s)
28.4%
-shcl-dishcloth(s), dishclout(s), washcloth(s)
24.5%
-neag-enneagon(s), lineage(s), uneager(ly)
17.1%
-ygy-polygynies, polygynous, polygyny, syzygy
17.1%
-mpp-lamppost(s)
16.6%
-tebo-bontebok(s), datebook(s), notebook(s), pasteboard(s), skateboard(er/ers/ing/ings/s)
15.6%
-luou-circumfluous, mellifluous(ly/ness/nesses), superfluous(ly/ness/nesses)
15.6%
-ggh-egghead(s), eggheaded(ness/nesses), jagghery, jaggheries
15.2%
-htsm-draughtsman, draughtsmen, yachtsman, yachtsmen
13.8%
-yrhy-polyrhythm(s), polyrhythmic
9.3%
-ucep-saucepan(s), saucepot(s)
8%
-uera-masquerade(s/d/r/rs), masquerading, unconquerable, unconquerably
4.3%
-evem-achievement(s), aggrievement(s), nonachievement(s), overachievement
3.6%
Remove Ads.
Support Sporcle.
Get the best of Sporcle when you Go Orange. This ad-free experience offers more features, more stats, and more fun while also helping to support Sporcle. Thank you for becoming a member.

You're not logged in!

Compare scores with friends on all Sporcle quizzes.
OR
Log In

Show Comments

Extras

Top Quizzes Today


Score Distribution

Your Account Isn't Verified!

In order to create a playlist on Sporcle, you need to verify the email address you used during registration. Go to your Sporcle Settings to finish the process.

Report this User

Report this user for behavior that violates our Community Guidelines.

Details: